[Event "SV Königsspringer Hamm 1 - SV Horst-Ems"]
[Site "Regionalliga 2017/2018"]
[Date "2018.01.21"]
[Round "5.3"]
[White "Kroeger, Fabian"]
[Black "Prueß, Wilfried"]
[Result "1/2-1/2"]
[WhiteElo "2222"]
[BlackElo "2052"]
[Annotator "Daniel"]
[PlyCount "97"]
[EventDate "2018.??.??"]

1. e4 c6 2. d4 d5 3. Nd2 dxe4 4. Nxe4 Bf5 5. Ng3 Bg6 6. h4 h6 7. Nf3 Nd7 8. h5
Bh7 9. Bd3 Bxd3 10. Qxd3 e6 11. Bd2 Ngf6 12. O-O-O Qc7 13. Ne4 O-O-O 14. g3
Nxe4 15. Qxe4 Nf6 16. Qe2 Bd6 17. c4 c5 18. Bc3 cxd4 19. Nxd4 a6 20. Kb1 Rd7
21. Nb3 Qc6 22. Rh4 Rhd8 23. Rc1 Bc7 24. c5 Rd5 25. Nd4 Qxc5 26. Nxe6 fxe6 27.
Bxf6 Qxc1+ 28. Kxc1 gxf6 29. Qxe6+ Kb8 30. Rc4 Rd1+ 31. Kc2 R1d2+ 32. Kb3 Be5
33. Rc3 Bxc3 $11 34. bxc3 Rxf2 35. Qe3 Rf5 36. Qxh6 Rdd5 37. Qf8+ Ka7 38. h6
Rh5 39. g4 Rh3 40. a4 Rg5 41. Qg7 Rh1 42. a5 Rh3 43. Kc2 Rh2+ 44. Kd3 Rh4 45.
Qxf6 Rh3+ 46. Kc2 Rxg4 47. Qb6+ Kb8 48. Qd6+ Ka7 49. Qb6+ 1/2-1/2

[Event "SV Königsspringer Hamm 1 - SV Horst-Ems"]
[Site "Regionalliga 2017/2018"]
[Date "2018.01.21"]
[Round "5.4"]
[White "Kauder, Hartmut"]
[Black "Buschmann, Andreas"]
[Result "1-0"]
[WhiteElo "2127"]
[BlackElo "2017"]
[PlyCount "113"]
[EventDate "2018.??.??"]

1. d4 Nf6 2. c4 g6 3. Nc3 Bg7 4. e4 d6 5. g3 O-O 6. Bg2 e5 7. Nge2 Nc6 8. O-O
a6 9. d5 Ne7 10. f3 Ne8 11. Be3 h6 12. Qd2 Kh7 13. b4 f5 14. Rac1 g5 15. Bf2 f4
16. c5 Ng6 17. c6 b6 18. Kh1 h5 19. Rg1 Nf6 20. gxf4 gxf4 21. Qe1 Ng8 22. Nd1
Bf6 23. Qf1 Nh6 24. Bh3 Rg8 25. Be1 Nf7 26. Bf5 Bxf5 27. exf5 Ne7 28. Qh3 Rxg1+
29. Nxg1 Nh6 30. Qxh5 Nexf5 31. Nf2 Qe8 32. Qh3 Qg6 33. Ne4 Rg8 34. Ne2 Be7 35.
Bf2 Qf7 36. N2c3 Bd8 37. Rg1 Rxg1+ 38. Kxg1 Kg7 39. Kf1 Qg6 40. Ke2 Nf7 41. Qg4
N7h6 42. Qxg6+ Kxg6 43. b5 a5 44. Kd3 Nf7 45. Na4 Ng5 46. Nd2 Ne7 47. Nc3 Kf5
48. Ke2 Ng6 49. h4 Nh7 50. h5 Ne7 51. Nde4 Ng8 52. Bxb6 cxb6 53. Nxd6+ Kf6 54.
Nb7 Bc7 55. d6 Bxd6 56. Nxd6 Ke6 57. Nc4 1-0

[Event "SV Königsspringer Hamm 1 - SV Horst-Ems"]
[Site "Regionalliga 2017/2018"]
[Date "2018.01.21"]
[Round "5.5"]
[White "Becker, Marco"]
[Black "Schmidt, Ingo"]
[Result "0-1"]
[WhiteElo "1994"]
[BlackElo "1969"]
[PlyCount "76"]
[EventDate "2018.??.??"]

1. e4 e5 2. Nf3 Nc6 3. Bc4 Bc5 4. O-O Nf6 5. d3 d6 6. c3 a6 7. Bb3 O-O 8. Nbd2
Ba7 9. Re1 Ne7 10. Nf1 Ng6 11. Ng3 Be6 12. Bxe6 fxe6 13. Qb3 Qd7 14. Be3 Bxe3
15. Rxe3 Nf4 16. h3 c5 17. Rd1 b5 18. d4 exd4 19. cxd4 c4 20. Qc2 N6h5 21. Nxh5
Nxh5 22. e5 d5 23. Ng5 g6 24. g3 Qe8 25. h4 Ra7 26. Nh3 Ng7 27. g4 Qe7 28. Ng5
h6 29. Nf3 Qe8 30. Kg2 Raf7 31. Nh2 Rf4 32. f3 Qf7 33. Qe2 h5 34. Ra3 Kh7 35.
Rxa6 hxg4 36. Nxg4 Nh5 37. Qe3 Rxf3 38. Nf6+ Qxf6 0-1

[Event "SV Königsspringer Hamm 1 - SV Horst-Ems"]
[Site "Regionalliga 2017/2018"]
[Date "2018.01.21"]
[Round "5.6"]
[White "Klaus, Michael"]
[Black "Arndt, Olaf"]
[Result "1-0"]
[WhiteElo "1835"]
[BlackElo "1876"]
[PlyCount "65"]
[EventDate "2018.??.??"]

1. c4 c5 2. Nc3 Nc6 3. Nf3 g6 4. g3 Bg7 5. Bg2 d6 6. d3 e6 7. Rb1 Nge7 8. O-O
O-O 9. Bd2 b6 10. a3 Bb7 11. e3 Qd7 12. Qc2 d5 13. Ne2 dxc4 14. dxc4 Rfd8 15.
b4 cxb4 16. Bxb4 Nxb4 17. axb4 Qd3 18. Qa2 a5 19. Nf4 Qd7 20. bxa5 bxa5 21. Ne5
Bxe5 22. Rxb7 Qd6 23. Rb5 a4 24. Bxa8 Rxa8 25. c5 Qc6 26. Rfb1 a3 27. Nd3 Bc7
28. Qc4 a2 29. Ra1 Nd5 30. Rb2 Ra3 31. Rbxa2 Rc3 32. Qd4 f6 33. e4 1-0

[Event "SV Königsspringer Hamm 1 - SV Horst-Ems"]
[Site "Regionalliga 2017/2018"]
[Date "2018.01.21"]
[Round "5.8"]
[White "Happel, Juergen"]
[Black "Jacubowski, Andreas"]
[Result "1/2-1/2"]
[WhiteElo "1716"]
[BlackElo "1877"]
[PlyCount "27"]
[EventDate "2018.??.??"]

1. Nf3 Nf6 2. g3 g6 3. Bg2 Bg7 4. O-O O-O 5. d4 c6 6. c4 d5 7. cxd5 cxd5 8. Nc3
Nc6 9. Bf4 Nh5 10. Be3 Nf6 11. Rc1 a6 12. Bf4 e6 13. Na4 Nh5 14. Be3 1/2-1/2

[Event "SV Eichlinghofen 1 - SF Essen-Werden 1"]
[Site "Verbandsliga, Gruppe 1 2017/2"]
[Date "2018.01.14"]
[Round "5.1"]
[White "Roth, Markus"]
[Black "Watzlawek, Markus"]
[Result "0-1"]
[WhiteElo "2143"]
[BlackElo "2073"]
[PlyCount "98"]
[EventDate "2018.??.??"]

1. Nf3 f5 2. g3 Nf6 3. Bg2 g6 4. O-O Bg7 5. d4 O-O 6. c4 d6 7. Nc3 Qe8 8. Re1
Qf7 9. e4 fxe4 10. Nxe4 h6 11. h3 Nxe4 12. Rxe4 Bf5 13. Re2 Nc6 14. d5 Nb4 15.
Be3 Bd3 16. Rd2 Bxc4 17. Nh2 c6 18. Ng4 Kh7 19. dxc6 bxc6 20. Qa4 a5 21. Bxc6
Nxc6 22. Qxc6 Bxa2 23. Re1 Rac8 24. Qa4 Bd5 25. Bxh6 Rc4 26. Qd1 Bf3 27. Qa1
Bxh6 28. Nxh6 Kxh6 29. Qxa5 Kh7 30. Qg5 Rc7 31. Rd4 Qf6 32. Rh4+ Kg8 33. Qe3
Ba8 34. Rf4 Qg7 35. Qb3+ d5 36. Ra4 Bb7 37. Rb4 Bc6 38. Rb6 Qf7 39. Qc2 Rfc8
40. Qd3 e6 41. Rb4 Rf8 42. Qe3 Re7 43. Rg4 Be8 44. Rg5 Qf3 45. Qd4 Qf6 46. Qd2
Rb7 47. Ree5 Rb4 48. h4 Rg4 49. Rxg4 Qxe5 0-1

[Event "SV Eichlinghofen 1 - SF Essen-Werden 1"]
[Site "Verbandsliga, Gruppe 1 2017/2"]
[Date "2018.01.14"]
[Round "5.2"]
[White "Schuette, Tobias"]
[Black "ter Steeg, Marcus"]
[Result "1-0"]
[WhiteElo "2001"]
[BlackElo "2056"]
[PlyCount "33"]
[EventDate "2018.??.??"]

1. e4 d6 2. d4 Nf6 3. Nc3 g6 4. Bg5 Bg7 5. Qd2 c6 6. Bh6 Bxh6 7. Qxh6 Qa5 8.
O-O-O Nbd7 9. Nf3 b5 10. e5 dxe5 11. Nxe5 b4 12. Bc4 Nxe5 13. dxe5 bxc3 14.
exf6 e6 15. Qg7 Qg5+ 16. Kb1 Rf8 17. Qxf8+ 1-0

[Event "SV Eichlinghofen 1 - SF Essen-Werden 1"]
[Site "Verbandsliga, Gruppe 1 2017/2"]
[Date "2018.01.14"]
[Round "5.3"]
[White "Berger, Konstantin"]
[Black "Kropp, Andreas"]
[Result "1-0"]
[WhiteElo "1998"]
[BlackElo "1923"]
[PlyCount "118"]
[EventDate "2018.??.??"]

1. e4 e5 2. Nf3 Nc6 3. Bb5 a6 4. Ba4 Nf6 5. O-O Be7 6. Re1 b5 7. Bb3 d6 8. c3
O-O 9. h3 Re8 10. d4 Bf8 11. Nbd2 Bb7 12. d5 Nb8 13. Nf1 Nbd7 14. Ng3 g6 15. a4
Nc5 16. Bc2 c6 17. dxc6 Bxc6 18. axb5 axb5 19. Bg5 h6 20. Rxa8 Bxa8 21. Bc1 Qc7
22. Nh2 h5 23. h4 Bc6 24. Nf3 Ng4 25. Ng5 Bd7 26. Nf1 Ne6 27. Bb3 b4 28. cxb4
Qb6 29. Ne3 Qxb4 30. Nd5 Qc5 31. Be3 Nxe3 32. Nf6+ Kh8 33. Rxe3 Re7 34. Nd5
Nxg5 35. Nxe7 Bxe7 36. hxg5 Bxg5 37. Rd3 Bg4 38. Qe1 Kg7 39. Bd5 Qc2 40. Rb3
Bd2 41. Qf1 f6 42. Rb7+ Kh6 43. Rb6 Qc5 44. Rc6 Qb4 45. b3 h4 46. Qd3 Bf4 47.
Qc3 Qb8 48. b4 Kg5 49. Bc4 Bd7 50. Ra6 Bc8 51. Ra1 Qc7 52. Qd3 f5 53. Bd5 Qb6
54. b5 Kf6 55. Bc6 fxe4 56. Qxd6+ Kg5 57. Qe7+ Kh5 58. Qa7 Qd8 59. Bxe4 Bh6 1-0

[Event "SV Eichlinghofen 1 - SF Essen-Werden 1"]
[Site "Verbandsliga, Gruppe 1 2017/2"]
[Date "2018.01.14"]
[Round "5.4"]
[White "Dreier, Daniel"]
[Black "Claussen, Uwe"]
[Result "0-1"]
[WhiteElo "1979"]
[BlackElo "2029"]
[PlyCount "76"]
[EventDate "2018.??.??"]

1. e4 e6 2. f4 d5 3. Nc3 dxe4 4. Nxe4 Nf6 5. Ng3 Bc5 6. Nf3 O-O 7. d4 Bb6 8.
Bd3 c5 9. O-O Nc6 10. Ne4 Nxd4 11. Nxf6+ gxf6 12. Kh1 f5 13. Bd2 Qc7 14. Nxd4
cxd4 15. Qe1 Bd7 16. Rf3 f6 17. Qh4 Bc6 18. Rh3 Rf7 19. Re1 Re8 20. Re2 Qd7 21.
Qe1 Rg7 22. Bc4 Bd5 23. Bxd5 Qxd5 24. Rg3 Rg6 25. h4 Kf7 26. Rf3 Reg8 27. Qf1
Rg4 28. Be1 Qxa2 29. Rb3 Qa6 30. Qf3 Rc8 31. Ra3 Qb5 32. Qxb7+ Rc7 33. Qf3 Qxb2
34. Qd3 Qc1 35. Kh2 Qxf4+ 36. Bg3 Qf1 37. Qd2 f4 38. Bf2 Qxg2# 0-1

[Event "SV Eichlinghofen 1 - SF Essen-Werden 1"]
[Site "Verbandsliga, Gruppe 1 2017/2"]
[Date "2018.01.14"]
[Round "5.5"]
[White "Huette, Stefan"]
[Black "Wloka, Sebastian"]
[Result "1-0"]
[WhiteElo "1983"]
[BlackElo "1891"]
[PlyCount "65"]
[EventDate "2018.??.??"]

1. d4 d5 2. Bg5 h6 3. Bh4 c6 4. Nf3 Qb6 5. Qc1 Nd7 6. Nbd2 c5 7. e3 Ngf6 8. Be2
e6 9. O-O Bd6 10. c4 O-O 11. a3 cxd4 12. exd4 Bf4 13. c5 Qc7 14. Bxf6 Nxf6 15.
g3 Bxd2 16. Qxd2 Ne4 17. Qe3 f5 18. Ne5 Bd7 19. b4 b6 20. f3 Ng5 21. c6 Be8 22.
Ba6 f4 23. Qe2 fxg3 24. hxg3 Bh5 25. Kg2 Rxf3 26. Rxf3 Nxf3 27. Nxf3 Qxc6 28.
Rf1 Rf8 29. Qd3 Bxf3+ 30. Rxf3 Rxf3 31. Kxf3 e5 32. dxe5 d4+ 33. Qe4 1-0

[Event "SV Eichlinghofen 1 - SF Essen-Werden 1"]
[Site "Verbandsliga, Gruppe 1 2017/2"]
[Date "2018.01.14"]
[Round "5.6"]
[White "Brockmann, Michael"]
[Black "Rehfeldt, Jens"]
[Result "1-0"]
[WhiteElo "1964"]
[BlackElo "1961"]
[PlyCount "109"]
[EventDate "2018.??.??"]

1. d4 d5 2. c4 c6 3. Nf3 Nf6 4. Nc3 dxc4 5. a4 Bg4 6. e3 Nbd7 7. Bxc4 e6 8. O-O
Bb4 9. h3 Bh5 10. Qe2 O-O 11. Rd1 Qc7 12. e4 e5 13. d5 Bxc3 14. bxc3 cxd5 15.
Bxd5 Nxd5 16. Rxd5 Nf6 17. Rd3 h6 18. Ba3 Rfd8 19. Rad1 Rxd3 20. Rxd3 Qc6 21.
g4 Qxa4 22. c4 Bg6 23. Nxe5 Bxe4 24. Re3 Re8 25. Bb2 Bc6 26. h4 Rd8 27. Rd3 Re8
28. Re3 Rd8 29. Rd3 Rxd3 30. Qxd3 Be4 31. Qd8+ Qe8 32. Qd4 Qc8 33. f3 Bc6 34.
Kg2 Ne8 35. Qxa7 f6 36. Nxc6 Qxc6 37. Qd4 Nc7 38. Kg3 Kh8 39. Ba3 Ne6 40. Qd5
Qe8 41. Qxb7 Nd4 42. Qe7 Qa4 43. Bb2 Nb3 44. Qd8+ Kh7 45. Qd3+ Kh8 46. g5 hxg5
47. hxg5 Qb4 48. g6 Qb8+ 49. Kg2 Nc5 50. Qd4 Qb6 51. Qh4+ Kg8 52. Qh7+ Kf8 53.
Qh8+ Ke7 54. Qxg7+ Ke8 55. Qf7+ 1-0

[Event "SV Eichlinghofen 1 - SF Essen-Werden 1"]
[Site "Verbandsliga, Gruppe 1 2017/2"]
[Date "2018.01.14"]
[Round "5.7"]
[White "Biermann, Klaus"]
[Black "Dekhtyaryuk, Dimitri"]
[Result "1/2-1/2"]
[WhiteElo "1917"]
[BlackElo "1848"]
[Annotator "Daniel"]
[PlyCount "120"]
[EventDate "2018.??.??"]

1. c4 Nf6 2. Nc3 c5 3. e4 d6 4. d3 g6 5. Be2 Bg7 6. f4 Nc6 7. Nf3 O-O 8. O-O a6
9. h3 Bd7 10. Be3 Rb8 11. a4 Nb4 12. d4 cxd4 13. Nxd4 Nc6 14. Qd2 Qc7 15. Rac1
Nxd4 16. Bxd4 e6 17. b4 Bc6 18. b5 e5 19. fxe5 dxe5 20. Bc5 Rfd8 21. Qe3 b6 22.
bxc6 bxc5 23. Nd5 Nxd5 24. cxd5 Rb4 25. Qxc5 Rxe4 26. Bxa6 Bh6 27. Rce1 Rxa4
28. Bc4 Bf8 29. Qb5 Rb4 30. Qa6 Rdb8 31. Qa2 Bd6 32. Qe2 Rb2 33. Qd3 Kg7 34.
Re2 R2b4 35. Kh1 f5 36. Qc3 Kg8 37. Rxe5 Qg7 38. Rfe1 Rb1 39. Re8+ Rxe8 40.
Qxg7+ Kxg7 41. Rxb1 Rc8 $11 42. Rb7+ Rc7 43. Rb2 Re7 44. Kg1 Kf6 45. Kf2 g5 46.
Be2 Bc5+ 47. Kf1 f4 48. Rb8 Bd6 49. Rd8 Ke5 50. Bf3 Bc7 51. Rg8 Kf6 52. Bg4 Bd6
53. Be6 Ra7 54. Rd8 Ke5 55. Rd7 Rxd7 56. cxd7 Be7 57. Ke2 Ke4 58. Kd2 Kd4 59.
Kc2 Ke3 60. Bg4 Kd4 1/2-1/2

[Event "SV Eichlinghofen 1 - SF Essen-Werden 1"]
[Site "Verbandsliga, Gruppe 1 2017/2"]
[Date "2018.01.14"]
[Round "5.8"]
[White "Gitschel, Ralf"]
[Black "Rother, Josef"]
[Result "1-0"]
[WhiteElo "1855"]
[BlackElo "1849"]
[PlyCount "53"]
[EventDate "2018.??.??"]

1. g3 d5 2. d4 c6 3. Bg2 Nf6 4. Nf3 e6 5. O-O Nbd7 6. Re1 Bb4 7. Nbd2 O-O 8. c3
Bd6 9. e4 dxe4 10. Nxe4 Be7 11. Nxf6+ Nxf6 12. Qc2 h6 13. a3 c5 14. dxc5 Bxc5
15. b4 Bb6 16. c4 Bc7 17. Bb2 Qe7 18. Nd4 a6 19. Rad1 Rb8 20. Nf5 Qe8 21. Nxh6+
Kh8 22. Bxf6 gxf6 23. Qe2 Rg8 24. Nxg8 Kxg8 25. Rd4 Kf8 26. Qh5 Ke7 27. Qc5+
1-0

[Event "SV Bönen 1 - Sport Union Annen 1"]
[Site "Verbandsliga, Gruppe 1 2017/2"]
[Date "2018.01.14"]
[Round "5.2"]
[White "Lenz, Guntram"]
[Black "Reinöhl, Christian"]
[Result "1/2-1/2"]
[WhiteElo "1952"]
[BlackElo "2083"]
[PlyCount "56"]
[EventDate "2018.??.??"]

1. d4 d5 2. c4 c6 3. Nf3 Nf6 4. Nc3 e6 5. cxd5 exd5 6. Qc2 Be7 7. Bg5 Nbd7 8.
e3 Ne4 9. Bxe7 Qxe7 10. Bd3 f5 11. Rb1 O-O 12. O-O g5 13. b4 g4 14. Nd2 Rf6 15.
Rfe1 Rh6 16. g3 Qg7 17. Nf1 Nf8 18. Ne2 Ng5 19. Kg2 Nf3 20. Red1 Qg5 21. Nf4
Ng6 22. h4 Nfxh4+ 23. gxh4 Qxh4 24. Ng3 Nxf4+ 25. exf4 Qh3+ 26. Kg1 Qh2+ 27.
Kf1 Qh3+ 28. Kg1 Qh2+ 1/2-1/2

[Event "SV Bönen 1 - Sport Union Annen 1"]
[Site "Verbandsliga, Gruppe 1 2017/2"]
[Date "2018.01.14"]
[Round "5.3"]
[White "Wicht, Jürgen"]
[Black "Fuest, Torsten"]
[Result "1/2-1/2"]
[WhiteElo "2051"]
[BlackElo "1888"]
[PlyCount "107"]
[EventDate "2018.??.??"]

1. d4 Nf6 2. c4 g6 3. Nc3 Bg7 4. e4 d6 5. Nf3 O-O 6. Be2 Na6 7. O-O e5 8. d5
Nc5 9. Qc2 a5 10. Bg5 h6 11. Be3 Ne8 12. Nd2 f5 13. f3 f4 14. Bf2 g5 15. b3 h5
16. a3 g4 17. b4 g3 18. hxg3 fxg3 19. Bxg3 Qg5 20. Kh2 h4 21. Bf2 Qf4+ 22. Kh1
axb4 23. axb4 Rxa1 24. Rxa1 Na6 25. Rb1 Nf6 26. Nd1 Nh5 27. Nf1 Ng3+ 28. Kg1
Nxe2+ 29. Qxe2 h3 30. Be3 Qf7 31. Nh2 hxg2 32. c5 Qh5 33. Qe1 Rf6 34. Rb2 Rg6
35. Nf2 Bh6 36. Nd3 Bxe3+ 37. Qxe3 Qh3 38. cxd6 cxd6 39. b5 Nc7 40. b6 Ne8 41.
Ne1 Qh5 42. Rxg2 Bh3 43. Rxg6+ Qxg6+ 44. Kh1 Nf6 45. Qg1 Kf7 46. Qxg6+ Kxg6 47.
Nd3 Kg5 48. Nb2 Kf4 49. Nc4 Nxe4 50. fxe4 Kxe4 51. Nxd6+ Kxd5 52. Nxb7 Kc6 53.
Na5+ Kxb6 54. Nc4+ 1/2-1/2

[Event "SV Bönen 1 - Sport Union Annen 1"]
[Site "Verbandsliga, Gruppe 1 2017/2"]
[Date "2018.01.14"]
[Round "5.4"]
[White "Merz, Martin"]
[Black "Herrmann, Uwe"]
[Result "1-0"]
[WhiteElo "1979"]
[BlackElo "1923"]
[PlyCount "63"]
[EventDate "2018.??.??"]

1. d4 Nf6 2. Nf3 g6 3. g3 Bg7 4. Bg2 O-O 5. c4 d6 6. O-O Nbd7 7. Nc3 e5 8. e4
Re8 9. Be3 exd4 10. Nxd4 Nc5 11. f3 a5 12. Qd2 Bd7 13. Rad1 Qc8 14. Rfe1 Ra6
15. Ndb5 Ne6 16. g4 h5 17. e5 dxe5 18. g5 Bxb5 19. gxf6 Bxc4 20. fxg7 Nxg7 21.
Ne4 f5 22. Ng5 Bxa2 23. Bf1 Rd6 24. Qxa5 Bb3 25. Rxd6 cxd6 26. Qb6 Bd5 27. Rc1
Qd8 28. Qxd8 Rxd8 29. Bb6 Re8 30. Rd1 Bb3 31. Rxd6 e4 32. Bb5 1-0

[Event "SV Bönen 1 - Sport Union Annen 1"]
[Site "Verbandsliga, Gruppe 1 2017/2"]
[Date "2018.01.14"]
[Round "5.5"]
[White "Sondermann, Dirk"]
[Black "Schötz, Hans-Joachim"]
[Result "1-0"]
[WhiteElo "1816"]
[BlackElo "1913"]
[PlyCount "185"]
[EventDate "2018.??.??"]

1. d4 d5 2. c4 Nc6 3. Nf3 Bg4 4. Nc3 e6 5. Bf4 a6 6. cxd5 exd5 7. e3 Nf6 8. Be2
Bd6 9. Bg5 Be7 10. Bxf6 gxf6 11. a3 Rg8 12. Qc2 Rg7 13. Nh4 Bxe2 14. Qxe2 Qd7
15. Qf3 O-O-O 16. O-O-O Rg5 17. g3 Na5 18. Qe2 Qc6 19. Qc2 Nc4 20. Nf3 Rg6 21.
Nd2 Na5 22. Ne2 Qb5 23. Nf4 Rgg8 24. Qd3 Qd7 25. Kb1 Kb8 26. Rc1 Rc8 27. b4 Nc6
28. Nb3 Na7 29. Nc5 Bxc5 30. Rxc5 c6 31. a4 b6 32. Rc2 Kb7 33. Rhc1 Rc7 34.
Qxh7 Rgc8 35. Qd3 Qd6 36. Rb2 Qd7 37. h4 Rg8 38. Qb3 Rd8 39. Rbc2 Qe7 40. Rb2
Rdd7 41. Rbc2 Rd8 42. h5 Qe4 43. Qd3 Qe7 44. Rb2 Qd7 45. Rd1 Re8 46. h6 Rh8 47.
Rh1 Nc8 48. b5 Nd6 49. bxa6+ Ka7 50. Rc2 Qe7 51. Rh5 Ne4 52. Qb3 Kxa6 53. Nd3
Nd6 54. Nb4+ Kb7 55. Rh4 f5 56. Qd3 Nc4 57. Rxc4 dxc4 58. Qxc4 Qd6 59. Qa6+ Kb8
60. Qc4 b5 61. Qc5 Qxc5 62. Na6+ Ka7 63. Nxc5 bxa4 64. Nxa4 f6 65. Kc2 Kb8 66.
Nc5 Ra7 67. Kd2 Ra2+ 68. Ke1 Kc7 69. Kf1 Kd6 70. Kg2 Ra7 71. Rh5 Rah7 72. Rxf5
Rxh6 73. Ne4+ Ke6 74. Rc5 Kd7 75. Kf3 Re8 76. Kf4 Re6 77. Ra5 Ke8 78. g4 Kf8
79. Kf5 Kf7 80. Ra7+ Re7 81. Ra6 Rc7 82. Ra8 Rd7 83. Rc8 Rd5+ 84. Kf4 f5 85.
Rc7+ Kf8 86. Kg5 Re6 87. Nc5 fxg4+ 88. Kxg4 Rh6 89. f4 Rg6+ 90. Kf3 Ke8 91. Nd3
Kd8 92. Ra7 Rd7 93. Rxd7+ 1-0

[Event "SV Bönen 1 - Sport Union Annen 1"]
[Site "Verbandsliga, Gruppe 1 2017/2"]
[Date "2018.01.14"]
[Round "5.6"]
[White "Helmert, Jochen"]
[Black "Hartung, Thomas"]
[Result "1/2-1/2"]
[WhiteElo "1875"]
[BlackElo "1931"]
[PlyCount "99"]
[EventDate "2018.??.??"]

1. e4 e5 2. Nf3 Nc6 3. Bb5 a6 4. Ba4 Nf6 5. d3 Bc5 6. Nc3 b5 7. Bb3 d6 8. Nd5
Na5 9. Bg5 c6 10. Nxf6+ gxf6 11. Be3 Nxb3 12. axb3 h5 13. Bxc5 dxc5 14. Nh4 Bg4
15. Qd2 Be6 16. Qe3 Qd4 17. O-O c4 18. Qf3 cxd3 19. Qxf6 Rg8 20. cxd3 Qd8 21.
Qxd8+ Rxd8 22. Rxa6 Rxd3 23. Ra8+ Rd8 24. Rxd8+ Kxd8 25. Nf5 Bxb3 26. Rc1 Kd7
27. Ra1 Rd8 28. f3 c5 29. Kf2 Kc7 30. Ke1 Kb7 31. Ne3 Kb6 32. Ke2 Be6 33. Ke1
c4 34. Ke2 b4 35. h4 c3 36. bxc3 bxc3 37. Rc1 Rd2+ 38. Ke1 Rd3 39. Ke2 Rd2+ 40.
Ke1 Rd3 41. Nd1 Rd2 42. Nf2 Bc4 43. Rxc3 Re2+ 44. Kd1 Rxf2 45. Rxc4 Rxg2 46.
Ke1 Rh2 47. Rc8 Rxh4 48. Rh8 Kc5 49. Kf2 Kd6 50. Kg3 1/2-1/2

[Event "SV Bönen 1 - Sport Union Annen 1"]
[Site "Verbandsliga, Gruppe 1 2017/2"]
[Date "2018.01.14"]
[Round "5.7"]
[White "Jeschke, Holger"]
[Black "Schütz, Ralf"]
[Result "1-0"]
[WhiteElo "1922"]
[BlackElo "1814"]
[PlyCount "77"]
[EventDate "2018.??.??"]

1. b4 d5 2. Bb2 Bf5 3. e3 Nd7 4. Nf3 e6 5. Be2 Ngf6 6. a3 h5 7. d3 Rg8 8. Ne5
Nxe5 9. Bxe5 h4 10. h3 Nd7 11. Bh2 g5 12. Nd2 Bg7 13. Rb1 Nb6 14. d4 Qd7 15.
Rc1 c6 16. c4 dxc4 17. Nxc4 Nxc4 18. Bxc4 Bf8 19. f3 Bd6 20. O-O Bxh2+ 21. Kxh2
Qd6+ 22. Kh1 Rd8 23. Qe2 e5 24. Rfd1 Ke7 25. e4 Bd7 26. d5 Qf6 27. Qe3 cxd5 28.
Rxd5 Bc6 29. Qc5+ Rd6 30. Rxe5+ Kd8 31. Rf5 Qd4 32. Qxd4 Rxd4 33. Rxf7 Rg6 34.
b5 Bd7 35. a4 g4 36. hxg4 Rh6 37. Kh2 Rd2 38. Kh3 Be8 39. Rxb7 1-0

[Event "SV Bönen 1 - Sport Union Annen 1"]
[Site "Verbandsliga, Gruppe 1 2017/2"]
[Date "2018.01.14"]
[Round "5.8"]
[White "Medger, Gernot"]
[Black "Al Ali, Mohammad"]
[Result "1-0"]
[WhiteElo "1806"]
[BlackElo "1794"]
[PlyCount "87"]
[EventDate "2018.??.??"]

1. d4 g6 2. Nc3 Bg7 3. e4 d6 4. f4 Nd7 5. Nf3 c5 6. Be3 cxd4 7. Bxd4 Ngf6 8.
Be2 O-O 9. O-O b6 10. e5 Ne8 11. exd6 Nxd6 12. Bxg7 Kxg7 13. Qd4+ Kg8 14. Rad1
Nf5 15. Qd2 Qc7 16. Kh1 Nf6 17. Ne5 Bb7 18. Bf3 Bxf3 19. Rxf3 Rad8 20. Rd3 Rxd3
21. Qxd3 Nh5 22. Qf3 Nf6 23. g4 Nd6 24. Qc6 Rc8 25. Qxc7 Rxc7 26. Rd2 Nc4 27.
Rd8+ Kg7 28. g5 Nxe5 29. gxf6+ exf6 30. fxe5 fxe5 31. Rd2 h5 32. Nb5 Re7 33. c4
f5 34. Nc3 Rc7 35. b3 Kh6 36. h4 Rc6 37. Nd5 Re6 38. Kg2 g5 39. hxg5+ Kxg5 40.
Kh3 h4 41. Rg2+ Kh5 42. Rg8 f4 43. Rg4 a6 44. Rxf4 1-0

[Event "SV Erkenschwick 2 - SV Mülheim-Nord 4"]
[Site "Verbandsliga, Gruppe 1 2017/2"]
[Date "2018.01.14"]
[Round "5.1"]
[White "Sokalskaja, Elena"]
[Black "Trzaska, Peter"]
[Result "0-1"]
[WhiteElo "1959"]
[BlackElo "2034"]
[PlyCount "64"]
[EventDate "2018.??.??"]

1. d4 d5 2. Nf3 c6 3. g3 Bf5 4. Bg2 h6 5. c4 e6 6. Nc3 Nf6 7. O-O Be7 8. Qb3
Qb6 9. c5 Qxb3 10. axb3 O-O 11. b4 a6 12. b5 cxb5 13. Nxb5 Nc6 14. Nc3 Ne4 15.
Na4 e5 16. Nxe5 Nxd4 17. Be3 Nxe2+ 18. Kh1 d4 19. Rae1 dxe3 20. Rxe2 Nxf2+ 21.
Kg1 Bg5 22. h4 Rae8 23. hxg5 Rxe5 24. Rfe1 Rfe8 25. Bxb7 Nh3+ 26. Kg2 Nxg5 27.
Rc1 Bg4 28. Ree1 Rd8 29. Kh1 Rd2 30. Bg2 Nf3 31. Bxf3 Bxf3+ 32. Kg1 Rh5 0-1

[Event "SV Erkenschwick 2 - SV Mülheim-Nord 4"]
[Site "Verbandsliga, Gruppe 1 2017/2"]
[Date "2018.01.14"]
[Round "5.2"]
[White "Schulze Bisping, Franz-Adolf"]
[Black "Sokalska, Viktorija"]
[Result "0-1"]
[WhiteElo "1894"]
[BlackElo "1921"]
[PlyCount "76"]
[EventDate "2018.??.??"]

1. d4 Nf6 2. c4 g6 3. f3 d5 4. cxd5 Nxd5 5. e4 Nf6 6. Nc3 Bg7 7. Be3 O-O 8. Bc4
c6 9. Nge2 b5 10. Bb3 a5 11. a4 b4 12. Na2 Ba6 13. Rc1 e6 14. O-O Qb6 15. Qe1
e5 16. Qf2 exd4 17. Bxd4 Qb7 18. Rfd1 Nbd7 19. Nf4 Rac8 20. Nd3 Bxd3 21. Rxd3
Rfd8 22. Rdd1 Bh6 23. Rc4 Bf8 24. Be3 c5 25. Rcc1 Qa6 26. Bc4 Qb6 27. b3 Qc7
28. Qh4 Be7 29. Bg5 Qe5 30. Bf4 Qh5 31. Qg3 Nb6 32. Rxd8+ Rxd8 33. Bc7 Rd2 34.
Bxb6 Rxa2 35. Qf4 Bd6 36. Qxd6 Qg5 37. Bf1 Qe3+ 38. Kh1 Qxc1 0-1

[Event "SV Erkenschwick 2 - SV Mülheim-Nord 4"]
[Site "Verbandsliga, Gruppe 1 2017/2"]
[Date "2018.01.14"]
[Round "5.3"]
[White "Schmidt, Kevin"]
[Black "Broszeit, Peter"]
[Result "1-0"]
[WhiteElo "1878"]
[BlackElo "1911"]
[PlyCount "67"]
[EventDate "2018.??.??"]

1. e4 c5 2. Nf3 Nc6 3. d4 cxd4 4. Nxd4 Nf6 5. Nc3 e5 6. Ndb5 d6 7. Bg5 a6 8.
Na3 b5 9. Nd5 Be7 10. Bxf6 Bxf6 11. c4 b4 12. Nc2 a5 13. h4 Be6 14. g3 O-O 15.
Be2 Rb8 16. Qd3 a4 17. b3 Qd7 18. O-O a3 19. Rad1 Bd8 20. Nde3 Bc7 21. Bf3 Ne7
22. Rd2 f5 23. exf5 Nxf5 24. Bd5 Bxd5 25. Nxd5 Bb6 26. Nxb6 Rxb6 27. c5 Rc6 28.
Qd5+ Kh8 29. Nxb4 Rxc5 30. Qxc5 Nxg3 31. fxg3 Rxf1+ 32. Kxf1 Qh3+ 33. Ke1 Qh1+
34. Ke2 1-0

[Event "SV Erkenschwick 2 - SV Mülheim-Nord 4"]
[Site "Verbandsliga, Gruppe 1 2017/2"]
[Date "2018.01.14"]
[Round "5.4"]
[White "Jungbluth, Rolf"]
[Black "Kremer, Moritz"]
[Result "1-0"]
[WhiteElo "1869"]
[BlackElo "1857"]
[PlyCount "67"]
[EventDate "2018.??.??"]

1. c4 c5 2. Nc3 g6 3. e4 Bg7 4. Nge2 Nc6 5. d3 d6 6. Be3 Nf6 7. h3 a6 8. Qd2
Bd7 9. f4 O-O 10. g4 Ne8 11. Bg2 Nd4 12. Ng3 Bc6 13. h4 f5 14. h5 e6 15. hxg6
hxg6 16. gxf5 exf5 17. O-O-O Qa5 18. Kb1 Nc7 19. exf5 Nxf5 20. Nxf5 Rxf5 21.
Be4 Bxe4 22. dxe4 Bxc3 23. bxc3 Rf7 24. Rdg1 Qb6+ 25. Ka1 Rg7 26. f5 Ne8 27.
Qd5+ Kf8 28. Bh6 Qc7 29. f6 Nxf6 30. Rf1 Qe7 31. Bg5 Rf7 32. Qd3 Kg7 33. Qh3
Qe5 34. Qh6+ 1-0

[Event "SV Erkenschwick 2 - SV Mülheim-Nord 4"]
[Site "Verbandsliga, Gruppe 1 2017/2"]
[Date "2018.01.14"]
[Round "5.5"]
[White "Kelm, Marcel"]
[Black "Schawacht, Max"]
[Result "0-1"]
[WhiteElo "1867"]
[BlackElo "1859"]
[PlyCount "52"]
[EventDate "2018.??.??"]

1. Nf3 d5 2. g3 Bg4 3. Bg2 Nd7 4. d4 e6 5. O-O Bd6 6. c4 c6 7. Nbd2 Ngf6 8. b3
O-O 9. Bb2 Ne4 10. Ne1 f5 11. f3 Nxd2 12. Qxd2 Bh5 13. e4 fxe4 14. fxe4 Rxf1+
15. Kxf1 dxe4 16. Bxe4 Nf6 17. Bg2 Qe7 18. Nd3 Rf8 19. Kg1 Ng4 20. h3 Bxg3 21.
hxg4 Qh4 22. Bxc6 Bxg4 23. Bxb7 Rf3 24. Bxf3 Bxf3 25. Nf2 Qh2+ 26. Kf1 Qg2+ 0-1